| 000 | 00000nam##2200000za#4500 |
| 001 | 9.648201 |
| 003 | CaOODSP |
| 005 | 20200330091954 |
| 007 | ta |
| 008 | 150407|1997||||xxc||||| f|0| 0 eng|d |
| 020 | |a0-662-30608-2 |
| 040 | |aCaOODSP|beng |
| 043 | |an-cn--- |
| 086 | 1 |aE2-374/1997E |
| 110 | 1 |aCanada.|bForeign Affairs and International Trade. |bCanadian Centre for Foreign Policy Development. |
| 245 | 14|aThe International Court of Justice opinion on the legality of the use or threatened use of nuclear weapons / |cby Debbie Grisdale. |
| 260 | |aOttawa - Ontario : |bForeign Affairs and International Trade. |c1997. |
| 300 | |a24p. ; |c28 cm. |
| 563 | |aSoftcover |
| 590 | |a02-33|b2002-08-16 |
| 690 | 07|aInternational courts|2gcpds |
| 690 | 07|aNuclear weapons|2gcpds |
| 690 | 07|aUses|2gcpds |
| 720 | 1 |aGrisdale, Debbie |
| 776 | 0#|tThe International Court of Justice Opinion on the Legality of the Use or Threatened Use of Nuclear Weapons (March 6-7, 1997) / |w(CaOODSP)9.686171 |